Statistics for Tallest Players in NBA (2015-16)

Click here to take the quiz!

General Stats

  • This quiz has been taken 50 times
  • The average score is 16 of 40

Answer Stats

HeightTeamAnswer% Correct
7'0BullsPau Gasol
79%
7'1GrizzliesMarc Gasol
79%
7'0NetsBrook Lopez
76%
7'1JazzRudy Gobert
76%
7'0KnicksRobin Lopez
76%
7'3KnicksKristaps Porzingis
76%
7'1MavericksDirk Nowitzki
68%
7'2LakersRoy Hibbert
66%
7'4SpursBoban Marjanovic
63%
7'1SunsTyson Chandler
63%
7'0RaptorsJonas Valanciunas
61%
7'1CavaliersTimofey Mozgov
55%
7'0MagicNikola Vucevic
55%
7'0WarriorsAndrew Bogut
53%
7'0HeatHassan Whiteside
47%
7'1SunsAlex Len
45%
7'0HornetsCody Zeller
45%
7'0PelicansÖmer Aşık
45%
7'0CelticsTyler Zeller
45%
7'0ThunderSteven Adams
42%
7'076ersJoel Embiid
42%
7'1T.BlazersMeyers Leonard
42%
7'1KingsWillie Cauley-Stein
37%
7'3HawksWalter Tavares
29%
7'0MavricksJaVale McGee
29%
7'1MavericksSalah Mejri
26%
7'2PelicansAlexis Ajinca
24%
7'0LakersRobert Sacre
21%
7'0CelticsKelly Olynyk
21%
7'0KingsKosta Koufos
16%
7'1HornetsFrank Kaminsky
16%
7'1HornetsSpencer Hawes
13%
7'3JazzTibor Pleiss
11%
7'0NetsAndrea Bargnani
11%
7'0MagicDewayne Dedmon
11%
7'0RocketsDonatas Motiejunas
8%
7'0MagicJason Smith
8%
7'0T.BlazersChris Kaman
8%
7'0RaptorsLucas Nogueira
8%
7'0JazzJeff Whitey
3%

Score Distribution

Percentile by Number Answered

Percent of People with Each Score

Your Score History

You have not taken this quiz